000 01113nam a22002537a 4500
010 _aA-396566
020 _c00.00
035 _aA-396566
037 _aCen Lib / Ret
040 _aDPL
_bHN
082 _a611
_bवर्मामु
100 _aवर्मा, मुकुन्दस्वरूप
245 _aमानव-शारीर-रचना /
_bमुकुन्दस्वरूप वर्मा ; सम्पादक रमेशचन्द्र गर्ग
246 _aManav Sharir rachana /
_bby Mukundswarup Verma ; edited by RameshChander Garg
260 _aदिल्ली
_bमोतीलाल बनारसीदास
270 _bदिल्ली
_aबंगलों रोड, जवाहरनगर
_e110007
300 _av 3. 1114-1859p.
_b22cm.
650 _a मानव शारीर रचना
650 _aThe human body composition
650 _a मानव शारीर
650 _ahuman body
700 _aगर्ग, रमेशचन्द्र
942 _2ddc
_cHN
_h611
_mवर्मामु
999 _c122343
_d122343